000 00516nmm a2200181Ia 4500
008 251105s9999||||xx |||||||||||||||||und||
020 _a9788431539894
041 _aspa
100 _aGianotti, Sara
245 0 _aSushi - Cocina del mundo
264 _a[Madrid, España] :
_bDe Vecchi,
_c[Fecha de publicación no identificada]
300 _a0 páginas
650 _aCooking
700 _aGianotti, Sara
700 1 _a Pilla, Simoni
856 _uhttps://public.digitaliapublishing.com/a/122656
942 _cCF
999 _c66085
_d66085